| 000 | 01361cam a2200301 i 4500 | ||
|---|---|---|---|
| 005 | 20191224041959.0 | ||
| 008 | 120912s2011 ec a b 000 0 spa | ||
| 020 | _a9789942111005 | ||
| 040 |
_aDLC _cDLC _dCo-BoIAVH |
||
| 041 | _aspa | ||
| 044 | _ack | ||
| 082 | 0 | 4 |
_a577.38 _bT12m |
| 100 | 1 |
_aTapia Caicedo, Carlos Hernando _926789 |
|
| 245 | 0 | 0 |
_aManejo de páramos / _cCarlos Tapia, Andrea Buitrago, Gabriela López, Brigitte LG Baptiste, Adriana Vásquez, Milena Armero. |
| 260 |
_aBogotá: _bInstituto de Investigación de Recursos Biológicos Alexander von Humboldt, _c2011. |
||
| 300 |
_a293 p. : _bilustraciones a color; _c30 cm. |
||
| 490 | 0 | _aPáramos andinos | |
| 500 | _a"Noviembre 2011." | ||
| 504 | _aIncluye referencias bibliográficas (p. 282-291). | ||
| 505 | 0 | _aPlanes de manejo / Carlos Tapia, Andrea Buitrago -- Planes de manejo participativos / Gabriela López -- Ordenamiento territorial en áreas de páramo / Brigitte LG Baptiste, Adriana Vásquez -- ¿Actividades agropecuarias en los páramos? / Milena Armero. | |
| 650 | 0 |
_aGestión de ecosistmas _zRegión Andina, _964887 |
|
| 650 | 0 |
_aPáramos _zRegión Andina. _964888 |
|
| 700 | 1 |
_aBuitrago, Andrea _933004 |
|
| 700 | 1 |
_aLópez, Gabriela _933005 |
|
| 700 | 1 |
_aBaptiste-Ballera, Brigitte L. G. _92510 |
|
| 710 | 2 |
_aProyecto Páramo Andino. _964890 |
|
| 942 |
_2ddc _cLIBRO _05 |
||
| 999 |
_c9060 _d9060 |
||